Código Procesal Penal de la Nación : 2015 /

Guardado en:
Formato: Libro
Idioma:Spanish
Publicado: Buenos Aires : Erreius, 2015
Edición:12º ed.
Etiquetas: Agregar Etiqueta
Sin Etiquetas, Sea el primero en etiquetar este registro!
LEADER 00424nam a22001335a 4500
001 DER.der012900
008 180615s2015####|||||||||||||||||#||spa||
005 20250210125627.0
245 1 0 |a Código Procesal Penal de la Nación :  |b 2015 /  |c  Buenos Aires (provincia) - Códigos 
250 |a 12º ed. 
260 |a Buenos Aires :  |b Erreius,  |c 2015 
300 |a 480 p. 
020 |a 978-987-01-1757-5 
859 |a DERECHO  |b BIB. DERECHO  |h 348.023  |i ARG  |p 007711